| 000 | 02265nam a2200325 i 4500 | ||
|---|---|---|---|
| 001 | 768714001 | ||
| 003 | CO-MdFUSB | ||
| 005 | 20220623062551.0 | ||
| 007 | ta | ||
| 008 | 220124t2013 ck |||| |||| 00| 0 spa d | ||
| 020 | _a9789584234629 | ||
| 040 |
_aCO-MdFUSB _bspa _cCO-MdFUSB _dCO-MdFUSBC _erda |
||
| 041 |
_aspa _heng |
||
| 082 |
_223 _a813.6 _bY78 |
||
| 100 |
_aYoung, William P. _eautor |
||
| 240 | _aCross Roads. | ||
| 245 | 1 | 3 |
_aLa encrucijada : _bdonde confluyen el amor de Dios y el abandono _c/ William P. Young ; traducido por Enrique C. Mercado González |
| 264 | 1 |
_aBogotá, Colombia : _bDiana, _c[2013] |
|
| 264 | 4 | _c© 2013 | |
| 300 |
_a284 páginas _c; 23 cm |
||
| 336 |
_2rdacontent _atexto _btxt |
||
| 337 |
_2rdamedia _asin mediación _bn |
||
| 338 |
_2rdacarrier _avolumen _bnc |
||
| 520 | 1 | _aAnthony Spencer es egoísta, esta orgulloso del éxito empresarial que ha conseguido por si mismo y se encuentra en el punto máximo de su carrera a pesar de que el costo de ese logro ha sido dolorosamente alto. Una hemorragia cerebral deja a Yony en coma, en la sala de terapia intensiva de un hospital. Despierta para encontrarse en un mundo surrealista, un paisaje viviente que refleja las dimensiones de su vida terrena, desde lo bello hasta lo corrupto. Es, en ese sitio, donde tiene vividas interacciones con otros individuos, que supone son proyecciones de su propio subconsciente, pero cuyas instrucciones sigue, sin importar nada, con la posibilidad de que puedan conducirle a la autenticidad y, tal vez, a la redención. La aventura sumerge a Tony en profundas e intrincadas relaciones donde es capaz de ver, ocultar sus intereses personales y la perdida que surgen para oponerse a los procesos de sanación y confianza. Esta conjunción inesperada de sucesos provocara que Tony examine su vida y se percate de que he creado un castillo de naipes sobre el terreno envenenado de un corazón roto? Tendrá también el valor de tomar una decisión critica que pueda resarcir la grave injusticia que puso en marcha antes de entrar en coma? | |
| 650 | 7 |
_2embne _92493 _aLiteratura norteamericana |
|
| 653 | _aFicción religiosa. | ||
| 700 |
_aMercado González, Enrique C. _etraductor _96041 |
||
| 942 | _cBK | ||
| 945 | _aJTF-925 | ||
| 999 |
_c67119 _d67119 |
||